| 000 | 00575nam a2200193Ia 4500 | ||
|---|---|---|---|
| 001 | 20586 | ||
| 003 | GE_BSU | ||
| 008 | 181216s||||||||xx |||||||||||||| ||und|| | ||
| 040 | _cGE_BSU | ||
| 245 | _aЛитературоведческий журнал. №40. 2017 | ||
| 245 | _cГл. ред. А.Н. Николюкин | ||
| 260 | _aМосква | ||
| 260 | _c2017 | ||
| 300 | _a318 стр. 21 см. | ||
| 653 | _aЛитературоведческий журнал. №40. 2017 | ||
| 653 | _aПериодика | ||
| 653 | _aპერიოდიკა | ||
| 942 | _cCR | ||
| 999 |
_c53540 _d53540 |
||